| 000 | 00000nam##2200000za#4500 |
| 001 | 9.576753 |
| 003 | CaOODSP |
| 005 | 20210624185305 |
| 007 | cr ||||||||||| |
| 008 | 150406|1988||||xxc|||||o f|0| 0 eng|d |
| 040 | |aCaOODSP|beng |
| 043 | |an-cn--- |
| 086 | 1 |aFs97-13/706E-PDF |
| 110 | 1 |aCanada. |bDepartment of Fisheries and Oceans. |
| 245 | 10|aMercury content of fish in the Southern Indian Lake and Issett Reservoirs, Northern Manitoba, before and after Churchill River Diversion / |h[electronic resource]|cby R.A. Bodaly, N.E. Strange and R.J.P. Fudge. |
| 260 | |aWinnipeg - Manitoba : |bFisheries and Oceans Canada |c1988. |
| 300 | |a68|bfigs., references, tables |
| 490 | 1 |aCanadian data report of fisheries and aquatic sciences|vNo. 706 |
| 500 | |aOn t.p.: Central and Arctic Region, Winnipeg, Manitoba. Catalogue number of the print edition appears in the PDF version. |
| 546 | |a(Résumé en français) |
| 590 | |a13-18-Supp|b2013-08-01 |
| 720 | 1 |aBodaly, R. A. |
| 720 | 1 |aFudge, R. J. P. |
| 720 | 1 |aStrange, N . E. |
| 830 | #0|aCanadian data report of fisheries and aquatic sciences ;|vNo. 706|w(CaOODSP)9.505124 |
| 856 | 40|ahttp://publications.gc.ca|qPDF|s919 KB|uhttps://publications.gc.ca/collections/collection_2013/mpo-dfo/Fs97-13-706-eng.pdf|yNo. 706 |